The Bible to-day. (Record no. 3307)

000 -LEADER
fixed length control field 00576nam a2200181 a 4500
001 - CONTROL NUMBER
control field :::00001037$&:&@@
003 - CONTROL NUMBER IDENTIFIER
control field OkBaRHE
005 - DATE AND TIME OF LATEST TRANSACTION
control field 20000607103241.0
008 - FIXED-LENGTH DATA ELEMENTS--GENERAL INFORMATION
fixed length control field s1947 j 000 0 eng u
040 ## - CATALOGING SOURCE
Transcribing agency
100 1# - MAIN ENTRY--PERSONAL NAME
Personal name Dodd, C. H. (Charles Harold), 1884-1973.
245 14 - TITLE STATEMENT
Title The Bible to-day.
260 ## - PUBLICATION, DISTRIBUTION, ETC. (IMPRINT)
Place of publication, distribution, etc Cambridge, UK:EN., :
Name of publisher, distributor, etc University Press
Date of publication, distribution, etc c1947
300 ## - PHYSICAL DESCRIPTION
Extent ix, 168 p. ;
Dimensions 19 cm.
650 ## - SUBJECT ADDED ENTRY--TOPICAL TERM
Topical term or geographic name as entry element Bible
General subdivision Criticism, Interpretation, etc.
942 ## - ADDED ENTRY ELEMENTS (KOHA)
Source of classification or shelving scheme
Koha item type Books
Copies
Date acquired Source of classification or shelving scheme Withdrawn status Barcode Lost status Shelving location Permanent Location Full call number Date last seen Koha item type Not for loan Price effective from Copy number Damaged status
2010-04-14  1037 General StacksRHEMA Bible Training CollegeBS 511 .D5682010-04-14Books 2010-04-141